| 000 | 00738nam a22002057a 4500 | ||
|---|---|---|---|
| 010 | _aA-564758 | ||
| 020 | _c60.00 | ||
| 035 | _aA-564758 | ||
| 037 | _bCen Lib / Ret | ||
| 040 |
_aDPL _bEN |
||
| 082 |
_a230 _bWIL |
||
| 100 | _aWilson, H. H. | ||
| 245 |
_aThe Visnu purana : _ba system of hindu mythology and tradition text in devanagari english translation notes and appendices etc / _ctranslated by H.H. Wilson |
||
| 260 |
_aDelhi _bNag Publishers _c1980 |
||
| 270 |
_a8-A, A-3, Jawahar Nagar _bNew Delhi _e110007 |
||
| 300 |
_a(v 2. ix, 965p) _b24cm(Hb) |
||
| 650 | _aPuranas. -- Viṣṇupurāṇa -- Criticism, interpretation, etc. | ||
| 650 | _aHinduism -- Social aspects. | ||
| 942 |
_2ddc _cEN _h230 _mWIL |
||
| 999 |
_c136703 _d136703 |
||